=LDR 00000nam 2200000 4500 =001 INLIS000000000034983 =005 20130612140855 =008 ***********************************Ind** =035 ##$$0010-061300000034983 =041 ##$$a Ind =082 ##$$a 323.6 =090 ##$$a 323.6, Win k =100 ##$$a Winarno =245 ##$$a Kewarganegaraan Indonesia dari sosiologis menuju yuridis, Winarbo =260 ##$$a 2009 $b Bandung =300 ##$$a xxxiv, 171 hlm, 21 cm =850 ##$$a NBPNMAT =990 ##$$a 0001/BPAP-NTB/20142014 =990 ##$$a 0001/BPAP-NTB/20142015 =990 ##$$a 0001/BPAP-NTB/20142015